000 00565nmm a2200181Ia 4500
008 251105s9999||||xx |||||||||||||||||und||
041 _aspa
100 _aCaballero, Miguel
245 0 _aFinanzas descentralizadas para inquietos
264 _a[Madrid, España] :
_bBubok Publishing,
_c[Fecha de publicación no identificada]
300 _a495 páginas
650 _aEconomics and Business
700 _aCaballero, Miguel
700 1 _a Ramió, Arnau
700 1 _a Carrera, Marcos
856 _uhttps://public.digitaliapublishing.com/a/132059
942 _cCF
999 _c63251
_d63251